| 000 | 00478cam a2200193ua 4500 | ||
|---|---|---|---|
| 020 |
_a81-7029-254-9 _c350 |
||
| 041 |
_aeng _h |
||
| 082 |
_a005.369 _bOMU/MA |
||
| 100 | _aOmura, George . | ||
| 245 |
_aMastering Autocad release 12 / _cGeorge Omura. _hTextual Documents |
||
| 250 |
_a1 / _b. |
||
| 260 |
_aNew delhi : _bBPB Publications ,B-14 , _c1994. |
||
| 300 | _a1142 ; . | ||
| 365 | _a350 | ||
| 500 | _a*CSS | ||
| 504 | _a | ||
| 942 | _cBK | ||
| 999 |
_c2761 _d2761 |
||